000 00964nas a2200265 454500
001 36430
005 20260407193509.0
008 260407s1995####ag###########|||spa#d
003 AR-UNSa-BCEJYS
040 _aAR-UNSa-BCEJYS
_bspa
_cAR-UNSa-BCEJYS
080 _a378
_xEnseñanza superior. Universidades. Escuelas especiales
245 1 0 _aTemas y propuestas
_prevista pedagògica de la Facultad de Ciencias Económicas
264 1 _aBuenos Aires :
_bUniversidad de Buenos Aires
_c1995
310 _aFrecuencia:
041 _aspa
942 _cSER
590 _aniveau_biblio:s niveau_hierar:1
100 1 _aUniversidad de Buenos Aires. Facultad de Ciencias Económicas. Secretaría Pedagógica
700 1 _aMena, Marta
650 _aEnseñanza superior
650 _aPolítica educacional
650 _aReforma de la educación
650 _aEducación
856 4 1 _uhttps://biblioeco.unsa.edu.ar/pmb/images/revistas/R18792.jpg
_yImagen de portada
_qimage/jpeg
999 _c8782
_d8782